000310784 001__ 310784
000310784 005__ 20240928181555.0
000310784 0247_ $$aG:(GEPRIS)57464283$$d57464283
000310784 035__ $$aG:(GEPRIS)57464283
000310784 040__ $$aGEPRIS$$chttp://gepris.its.kfa-juelich.de
000310784 150__ $$aEvolution des Ausbreitungsverhaltens in Habitatgradienten und ihre Auswirkung auf die lokale Anpassung von Populationen$$y2008 - 2013
000310784 371__ $$aProfessor Dr. Hans-Joachim Poethke
000310784 450__ $$aDFG project G:(GEPRIS)57464283$$wd$$y2008 - 2013
000310784 5101_ $$0I:(DE-588b)2007744-0$$aDeutsche Forschungsgemeinschaft$$bDFG
000310784 680__ $$aDie Ausbildung von Verbreitungsgrenzen wird maßgeblich von Habitatgradienten sowie dem Ausbreitungsverhalten der Arten bestimmt. Jedoch stellt das Ausbreitungsverhalten selbst eine evolutionäre Anpassung dar, die durch artspezifische Eigenschaften, durch Habitatansprüche und Charakteristika der Landschaft bestimmt wird. Gleichzeitig verhindert Ausbreitung über den Austausch von Individuen zwischen Populationen mit divergierenden Selektionsdrücken die Anpassung an lokale Umweltbedingungen. Es ist deshalb zu vermuten, dass lokale Anpassung in Habitatgradienten nur unter bestimmten Bedingungen möglich ist und direkt mit der Selektion der Ausbreitungsstrategien interagiert. Auf Basis von uns bereits entwickelter und gut etablierter Simulationsmodelle möchten wir Modelle entwickeln, die es erlauben (i) die Evolution von Ausbreitungsstrategien in unterschiedlichsten Habitatgradienten zu prognostizieren, (ii) zu untersuchen, welche unterschiedlichen Verbreitungsgrenzen dabei entstehen und (iii) und zu klären, wie die gleichzeitige Selektion auf Ausbreitung und lokale Anpassung an bestimmte Habitatbedingungen bei der Ausbildung von Verbreitungsgrenzen miteinander interagieren.
000310784 909CO $$ooai:juser.fz-juelich.de:977659$$pauthority$$pauthority:GRANT
000310784 909CO $$ooai:juser.fz-juelich.de:977659
000310784 980__ $$aG
000310784 980__ $$aAUTHORITY